| 000 | 00573nam a2200181Ia 4500 | ||
|---|---|---|---|
| 003 | IN-BaIIA | ||
| 008 | 211028s9999 xx 000 0 eng d | ||
| 020 | _a81-900037-0-4 | ||
| 040 | _cIIA Library | ||
| 080 |
_a624 _bRAI |
||
| 100 |
_aRaikar, R. N. _915966 |
||
| 245 | 0 |
_aLearning from failures _bdeficiencies in design, construction and service _cR. N. Raikar |
|
| 260 |
_aBombay _bR & D Centre Structwel Designers _c1987 |
||
| 300 | _a423p. | ||
| 650 |
_aCivil engineering _95496 |
||
| 650 | _aNASA Thesaurus | ||
| 942 | _cBK | ||
| 999 |
_c9478 _d9478 |
||